Huellas de educación en tecnología : (Registro nro. 96)
[ vista simple ]
| 000 -CABECERA | |
|---|---|
| Campo de control | 01128cam a2200241 a 4500 |
| 005 - FECHA Y HORA DE LA ULTIMA TRANSACCION | |
| Campo de control | 20161125090315.0 |
| 008 - ELEMENTOS DE LONGITUD FIJA—INFORMACION GENERAL | |
| Campo de control | 991020t00001996ck ac 0 spa d |
| 020 ## - ISBN | |
| ISBN | 9589362257 |
| 040 ## - FUENTE DE CATALOGACIÓN | |
| Agencia catalogadora original | CO-BoPUJ |
| Agencia transcriptora | CO-BoIAVH |
| Agencia Modificadora | CO-BoIAVH |
| 041 0# - IDIOMA | |
| Código de idioma para texto/pista de sonido o título separado | Español |
| 044 ## - PAÍS DE PUBLICACIÓN | |
| País de publicación | Colombia |
| 082 04 - NUMERO DE CLASIFICACION DECIMAL DEWEY | |
| Número de clasificación | 371.422 |
| Número del ítem | C71h |
| 110 1# - ASIENTO PRINCIPAL--NOMBRE CORPORATIVO | |
| Nombre corporativo o de jurisdicción como elemento de entrada | Colombia |
| Unidad subordinad | Ministerio de Educación Nacional |
| 9 (RLIN) | 77351 |
| 245 10 - MENCION DE TITULO | |
| Título | Huellas de educación en tecnología : |
| Parte restante del título | experiencias de maestros / |
| Mención de responsabilidad | Ministerio de Educación Nacional, Fundación Antonio Restrepo Barco, Fundación Corona |
| 260 ## - PUBLICACION, DISTRIBUCION, ETC. (PIE DE IMPRENTA) | |
| Lugar de publicación, distribución, etc. | Santa Fe de Bogota : |
| Nombre del editor, distribuidor, etc. | El Ministerio, |
| Fecha de publicación, distribución, etc. | 1996. |
| 300 ## - DESCRIPCION FISICA | |
| Extensión | 193 páginas : |
| Otros detalles físicos | ilustraciones ; |
| Dimensiones | 24 x 16 cm. |
| 505 ## - NOTA DE CONTENIDO | |
| Nota de contenido | Contenido: Experiencias en ambientes de educación media diversificada -- Experiencias en basica primaria y ambientes academicos -- Experiencias en instituciones de caracter tecnico -- la experiencia de una Secretaria de Educación |
| 650 26 - ASIENTO SECUNDARIO DE MATERIA - TERMINO TEMATICO | |
| Término temático o nombre geográfico como elemento de entrada | Sistema educativo |
| Subdivisión geográfica | Colombia |
| 9 (RLIN) | 77352 |
| 650 26 - ASIENTO SECUNDARIO DE MATERIA - TERMINO TEMATICO | |
| Término temático o nombre geográfico como elemento de entrada | Tecnología |
| Subdivisión general | Enseñanza técnica |
| Subdivisión geográfica | Colombia |
| 9 (RLIN) | 77353 |
| 710 2# - ASIENTO SECUNDARIO - NOMBRE CORPORATIVO | |
| Nombre corporativo o de jurisdicción como elemento de entrada | Fundación Corona |
| 9 (RLIN) | 41129 |
| 710 2# - ASIENTO SECUNDARIO - NOMBRE CORPORATIVO | |
| Nombre corporativo o de jurisdicción como elemento de entrada | Fundación Antonio Restrepo Barco |
| 9 (RLIN) | 4008 |
| 942 ## - ELEMENTOS ADICIONALES (KOHA) | |
| Sistema de clasificación | Dewey Decimal Classification |
| Tipo de ítem | Libro |
| Withdrawn status | Lost status | Sistema de Clasificación | Damaged status | No para préstamo | Colección | Inventariado | Ubicación Permanente | Ubicación actual | Fecha de adquisición | Fuente de Valor | Valor | Total Checkouts | Número topográfico | Inventario / Código de Barras | Date last seen | Ejemplar | Price effective from | Forma de adquisición | Tipo de material |
|---|---|---|---|---|---|---|---|---|---|---|---|---|---|---|---|---|---|---|---|
| Dewey Decimal Classification | General | Inventariado 2017 | Sala Fabio Quevedo | Sala Fabio Quevedo | 19/12/1997 | Instituto | 39000.00 | LB-371.422 C71h | 000122 | 04/12/2012 | Ej. 1 | 04/12/2012 | Donación | Libro |